00308nam a2200121Ia 4500008004100000082001000041100002600051245002400077260002900101300000800130630002400138730002400162100204s9999 xx 000 0 und d b20924 aGEHANI H. D. & PAREKH aINORGANIC CHEMISTRY b"AAR SHRTH & CO, BOMBAY" a486 aINORGANIC CHEMISTRY aINORGANIC CHEMISTRY